On course for a first (Record no. 77704)

MARC details
000 -LEADER
fixed length control field 00661cab a2200193 4500
001 - CONTROL NUMBER
control field ##L134911
008 - FIXED-LENGTH DATA ELEMENTS--GENERAL INFORMATION
fixed length control field 060911n2006 000 0 eng u
035 ## - SYSTEM CONTROL NUMBER
System control number (Sirsi) u134911
041 0# - LANGUAGE CODE
Language code of text/sound track or separate title eng
100 1# - MAIN ENTRY--PERSONAL NAME
Personal name Daly, Jacqui
245 00 - TITLE STATEMENT
Title On course for a first
260 ## - PUBLICATION, DISTRIBUTION, ETC.
Date of publication, distribution, etc. 2006
490 #0 - SERIES STATEMENT
Series statement Property Week
Volume/sequential designation 71(36) 8 September 2006, 62(1)
520 ## - SUMMARY, ETC.
Summary, etc. Examines the reasons behind the increased levels of investment in the student hall market and highlights opportunities for investors in this sector in the future. Tables.
590 ## - LOCAL NOTE (RLIN)
Local note IKA190906
651 #4 - SUBJECT ADDED ENTRY--GEOGRAPHIC NAME
Geographic name United Kingdom
Chronological subdivision
690 ## - LOCAL SUBJECT ADDED ENTRY--TOPICAL TERM (OCLC, RLIN)
Topical term or geographic name as entry element PROPERTY-OTHER PROPERTY TYPES-HALLS OF RESIDENCE
942 ## - ADDED ENTRY ELEMENTS (KOHA)
Suppress in OPAC 0
Holdings
Withdrawn status Lost status Source of classification or shelving scheme Damaged status Not for loan Home library Current library Shelving location Date acquired Total Checkouts Full call number Barcode Date last seen Copy number Price effective from Koha item type
    Dewey Decimal Classification     London London Journal article 11/09/2006   L134911 134911-1001 06/08/2019 1 06/08/2019 Journal article